Địa hình bề mặt trái đất : Giáo trình Đại học Sư phạm
Giáo trình cung cấp những kiến thức cơ bản về quá trình hình thành trên bề mặt trái đất. Những kiến thức này tạo điều kiện thuận lợi cho sinh viên học tập tiếp tục các học phần hkác của Địa lí tự nhiên....
Bewaard in:
| Hoofdauteur: | |
|---|---|
| Formaat: | Boek |
| Taal: | Undetermined |
| Gepubliceerd in: |
Hà Nội
Đại học Sư phạm Hà Nội
2006
|
| Onderwerpen: | |
| Tags: |
Voeg label toe
Geen labels, Wees de eerste die dit record labelt!
|
| Thư viện lưu trữ: | Trung tâm Học liệu Trường Đại học Cần Thơ |
|---|
| LEADER | 00986nam a2200229Ia 4500 | ||
|---|---|---|---|
| 001 | CTU_119545 | ||
| 008 | 210402s9999 xx 000 0 und d | ||
| 020 | |c 20000 | ||
| 082 | |a 551.41 | ||
| 082 | |b Đ312 | ||
| 100 | |a Phùng, Ngọc Đĩnh | ||
| 245 | 0 | |a Địa hình bề mặt trái đất : | |
| 245 | 0 | |b Giáo trình Đại học Sư phạm | |
| 245 | 0 | |c Phùng Ngọc Đĩnh | |
| 260 | |a Hà Nội | ||
| 260 | |b Đại học Sư phạm Hà Nội | ||
| 260 | |c 2006 | ||
| 520 | |a Giáo trình cung cấp những kiến thức cơ bản về quá trình hình thành trên bề mặt trái đất. Những kiến thức này tạo điều kiện thuận lợi cho sinh viên học tập tiếp tục các học phần hkác của Địa lí tự nhiên. | ||
| 650 | |a Geomorphology | ||
| 650 | |x Study and teaching | ||
| 904 | |i Hiếu | ||
| 980 | |a Trung tâm Học liệu Trường Đại học Cần Thơ | ||